Online
Catalog
Normal view MARC view

Entry Nombre personal

Number of records used in: 33

001 - NÚMERO DE CONTROL

  • campo de control: 598

003 - IDENTIFICADOR DEL NÚMERO DE CONTROL

  • campo de control: BNPHU

005 - FECHA Y HORA DE LA ÚLTIMA TRANSACCIÓN

  • campo de control: 20240401203000.0

008 - DATOS DE LONGITUD FIJA

  • campo de control de longitud fija: 200615|| aca||aabn | a|a d

010 ## - NÚMERO DE CONTROL DE LA BIBLIOTECA DEL CONGRESO

  • Número de control de LC: n 85022477

040 ## - FUENTE DE LA CATALOGACIÓN

  • Centro catalogador/agencia de origen: DO-SdBNP
  • Lengua de catalogación: spa
  • Centro/agencia transcriptor: BNPHU
  • Normas de descripción: rda

100 1# - ENCABEZAMIENTO-NOMBRE DE PERSONA

  • Nombre de persona: Heureaux, Ulises,
  • Fechas asociadas al nombre: 1845-1899

370 ## - LUGAR ASOCIADO

  • Lugar de nacimiento: Puerto Plata (República Dominicana)
  • Lugar de fallecimiento: Moca (República Dominicana)

374 ## - OCUPACIÓN

  • Ocupación: Militar
  • Ocupación: Político dominicano

375 ## - GÉNERO/SEXO

  • Género/Sexo: Masculino

377 ## - LENGUA/LENGUAJE ASOCIADO

  • Código del idioma: spa
  • Término de lengua/lenguaje: Español

400 1# - TRAZADO DE VÉASE--NOMBRE DE PERSONA

  • Nombre de persona: Heureaux, Ulises,
  • Títulos y otros términos asociados al nombre: Presidente República Dominicana
  • Fechas asociadas al nombre: 1845-1899

400 0# - TRAZADO DE VÉASE--NOMBRE DE PERSONA

  • Nombre de persona: Lilís,
  • Fechas asociadas al nombre: 1845-1899

510 1# - TRAZADO DE VÉASE ADEMÁS--NOMBRE DE ENTIDAD CORPORATIVA

  • Nombre de entidad corporativa o nombre de jurisdicción como elemento de entrada: República Dominicana
  • Unidad subordinada: Presidente (1882-1884 : Lilis)

510 1# - TRAZADO DE VÉASE ADEMÁS--NOMBRE DE ENTIDAD CORPORATIVA

  • Nombre de entidad corporativa o nombre de jurisdicción como elemento de entrada: República Dominicana
  • Unidad subordinada: (Presidente (1887-1899 : Lilis)

670 ## - FUENTE DE DATOS ENCONTRADOS

  • Cita de la fuente: Work cat.: (OSt)186: Bosch, Juan, 1909-2001 195, Las dictaduras dominicanas /, 2005.

670 ## - FUENTE DE DATOS ENCONTRADOS

  • Cita de la fuente: Rodríguez Demorizi, E. La muerte de Lilís, 1983:
  • Información encontrada: p. 9 (Ulises Heureaux; Lilís) p. 203 (General Lilís, Presidente de la República; assassinated 7/26/1899)

670 ## - FUENTE DE DATOS ENCONTRADOS

  • Identificador Uniforme del Recurso: https://authorities.loc.gov/cgi-bin/Pwebrecon.cgi?AuthRecID=2457709&v1=1&HC=1&SEQ=20240401195346&PID=_rW0-idRX9PWKUF0N3Jciv6Zv7 Consultado en : 01/04/2024

Powered by Koha